Le temple d'Hathor à Dendara : (Record no. 60888)
[ view plain ]
| 000 -الفاتح | |
|---|---|
| حقل البيانات ثابتة الطول | 01314cam a22003615a 4500 |
| 005 - وقت وتاريخ اخر تعامل مع التسجيلة | |
| رقم الضبط | 20240530110433.0 |
| 008 - عناصر البيانات ثابتة الطول - معلومات عامة | |
| حقل البيانات ثابتة الطول | 110919t20102010ua abfdf bb 000 0 fre c |
| 020 ## - الرقم الدولى المعيارى للكتب | |
| الرقم الدولى المعيارى للكتاب | 9782724705805 |
| 020 ## - الرقم الدولى المعيارى للكتب | |
| الرقم الدولى المعيارى للكتاب | 9782724704969 |
| 022 ## - الرقم الدولى المعيارى للدوريات | |
| المصدر | 02593823 |
| 040 ## - مصدر الفهرسة | |
| وكالة الفهرسة الأصلية | EG-CaGPL |
| وكالة النسخ | EG-CaGPL |
| 082 04 - رقم تصنيف ديوى العشرى | |
| رقم الطبعة | 21 |
| رقم التصنيف | 726.1 |
| رقم المادة | CC/Z T |
| 100 1# - المدخل الرئيسى - إسم شخصى | |
| الإسم الشخصى | Zignani, Pierre |
| الدور | author. |
| 245 13 - بيان العنوان | |
| العنوان | Le temple d'Hathor à Dendara : |
| بقية العنوان | relevés et étude architecturale / |
| بيان المسئوليه,etc | Pierre Zignani. |
| 260 ## - PUBLICATION, DISTRIBUTION, ETC. (IMPRINT) | |
| تاريخ النشر أو التوزيع | 2010, ©2010. |
| 300 ## - الوصف المادى | |
| التعداد | 2 volumes : |
| تفاصيل ماديه اخرى للوعاء | illustrations (some color), maps, plans ; |
| أبعاد الوعاء | 28 cm. |
| 490 1# - بيان السلسلة | |
| عنوان السلسلة | IF ; |
| رقم المجلد/ التعيين التسلسلي | 997 |
| 504 ## - تبصرة ببليوجرافية | |
| تبصرة ببليوجرافية,الخ | Includes bibliographical references (volume1, pages 391-407) |
| 610 20 - المدخل الاضافى بالموضوع-اسم هيئة | |
| اسم الهيئة أو اسم السلطة كمدخل | Temple of Hathor (Dandara, Egypt) |
| 650 #0 - المدخل الاضافى بالموضوع-مصطلح موضوعى | |
| مصطلح موضوعي | Temples |
| التقسيم الفرعي الجغرافي | Egypt |
| -- | Dandara. |
| 650 #0 - المدخل الاضافى بالموضوع-مصطلح موضوعى | |
| مصطلح موضوعي | Architecture, Ancient |
| التقسيم الفرعي الجغرافي | Egypt. |
| 942 ## - عناصر المدخل الإضافي( كوها) | |
| مصدر التصنيف او مخطط الترفيف | Dewey Decimal Classification |
| Koha [default] item type | كتاب |
| 260 ## - PUBLICATION, DISTRIBUTION, ETC. (IMPRINT) | |
| -- | Le Caire : |
| -- | Institut français d'archéologie orientale du Caire, |
| 336 ## - | |
| -- | text |
| -- | rdacontent |
| 336 ## - | |
| -- | still image |
| -- | rdacontent |
| 337 ## - | |
| -- | unmediated |
| -- | rdamedia |
| 338 ## - | |
| -- | volume |
| -- | rdacarrier |
| 505 0# - تبصرة محتويات-الفهرس | |
| تبصرة المحتويات المصاغة | I. Texte -- II. Planches. |
| 830 #0 - المدخل الاضافى بالسلسلة -عنوان موحد | |
| عنوان موحد | Bibliothèque d'étude ; |
| رقم المجلد/ التعيين التسلسلي | t. 146. |
| 830 #0 - المدخل الاضافى بالسلسلة -عنوان موحد | |
| عنوان موحد | Publications de l'Institut français d'archéologie orientale du Caire ; |
| رقم المجلد/ التعيين التسلسلي | 997. |
| حالة التراجع | حالة الفقد | مصدر التصنيف او خطة الترفيف | حالة تلف | ليس للاعارة | المكان المؤقت | الموقع الحالى | تاريخ الاكتساب | اجمالي اﻻعارات | رقم الطلب | الباركود | تاريخ اخر مشاهدة | تاريخ تفعيل السعر | نوع وعاء كوها |
|---|---|---|---|---|---|---|---|---|---|---|---|---|---|
| ddc | مكتبة القاهرة الكبرى | مكتبة القاهرة الكبرى | 04/05/2015 | 726.1 CC/Z T | 160068 | 04/05/2015 | 04/05/2015 | كتاب |

